000 00507nam a2200169Ia 4500
999 _c6813
_d6813
003 OSt
005 20200811114118.0
008 190216s9999||||xx |||||||||||||| ||und||
040 _coclc
082 _a658.0072
_bMIC/R
100 _aMichael, V P
_91344
245 0 _aResearch Methodology In Management /
_cV P Michael
260 _bHimalaya Publishing House,
_c2000.
_aMumbai:
300 _a338p
650 _aResearch Methodology
942 _cBK
_2ddc
_h658.0072
_iMIC/R
_k658.0072
_mMIC/R